000
00239nam a2200097Ia 4500
008
220204s9999 xx 000 0 und d
082
_a
5(031)
_b
BOO
245
0
_a
Book of popular science. 10 V
260
_a
Canada
_b
Grolier
_c
1976
942
_c
BK
999
_c
25332
_d
25332